00965pam a2200289 a 45000010005000000030006000050050017000110080041000280100017000690200015000860200018001010400023001190500014001420820019001561000033001752450083002082600038002913000058003295050008003875200111003955210022005066500038005286500032005666500020005986500016006187000041006346516FISKH20250507150834.0910111r19911974nyua j 000 0 eng  a 91001987  a068971503X a9780689715037 aDLCcDLCdDLCbeng aPZ8.L28 O a782.42162210411 aLangstaff, John,d1920-2005.10aOh, a-hunting we will go /cJohn Langstaff ; pictures by Nancy Winslow Parker. aNew York :bAladdin Paper,c1991. a32 unnumbered pages ; bcolor illustrations ; c26 cm aNP  aOld and new verses for a popular folk song about hunting and capturing an animal--and then letting him go.8 aNP bLexile KSP 0aChildren's songs, EnglishvTexts. 0aFolk songs, EnglishvTexts. 1aAmerican songs. 1aSong texts.1 aParker, Nancy Winslow,eillustrator